A23_図書館が7館以上ある市区町村 - Statistics

General Stats
  • This quiz has been taken 44 times
  • The average score is 79 of 94
Answer Stats
順位 都道府
県名
種類 図書館
市町村名 % Correct
1 埼玉県 26 さいたま市
100%
1 富山県 26 富山市
100%
3 大阪府 25 大阪市
100%
5 愛知県 22 名古屋市
100%
9 神奈川県 19 横浜市
100%
20 広島県 14 広島市
100%
23 静岡県 13 静岡市
100%
29 三重県 12 津市
100%
37 東京都 特別区 11 品川区
100%
37 長野県 11 松本市
100%
4 静岡県 24 浜松市
97%
7 新潟県 20 新潟市
97%
7 京都府 20 京都市
97%
11 群馬県 18 前橋市
97%
15 千葉県 16 千葉市
97%
15 東京都 特別区 16 世田谷区
97%
17 東京都 特別区 15 北区
97%
17 東京都 特別区 15 足立区
97%
17 兵庫県 15 姫路市
97%
20 福岡県 14 北九州市
97%
23 北海道 13 札幌市
97%
29 東京都 特別区 12 江戸川区
97%
29 兵庫県 12 神戸市
97%
29 福岡県 12 福岡市
97%
44 岐阜県 10 高山市
97%
44 岡山県 10 岡山市
97%
20 神奈川県 14 川崎市
95%
23 東京都 特別区 13 葛飾区
95%
29 東京都 特別区 12 新宿区
95%
29 大阪府 12 堺市
95%
37 東京都 特別区 11 江東区
95%
44 東京都 特別区 10 文京区
95%
44 東京都 特別区 10 渋谷区
95%
50 東京都 特別区 9 港区
95%
50 東京都 9 立川市
95%
58 東京都 特別区 8 目黒区
95%
76 東京都 特別区 7 豊島区
95%
11 福島県 18 郡山市
92%
14 東京都 特別区 17 大田区
92%
23 東京都 特別区 13 練馬区
92%
50 新潟県 9 長岡市
92%
6 千葉県 21 松戸市
90%
23 東京都 特別区 13 杉並区
90%
58 宮城県 8 仙台市
90%
11 千葉県 18 柏市
87%
23 東京都 13 府中市
87%
29 東京都 特別区 12 板橋区
87%
37 兵庫県 11 西宮市
87%
58 東京都 8 町田市
87%
58 石川県 8 金沢市
87%
76 広島県 7 呉市
87%
76 山口県 7 山口市
87%
9 長野県 19 飯田市
85%
29 東京都 特別区 12 中野区
85%
37 東京都 11 調布市
85%
58 秋田県 8 秋田市
85%
58 高知県 8 高知市
85%
58 沖縄県 8 那覇市
85%
76 茨城県 7 水戸市
85%
76 東京都 7 国分寺市
85%
76 広島県 7 福山市
85%
76 広島県 7 東広島市
85%
50 佐賀県 9 佐賀市
82%
76 埼玉県 7 川口市
82%
76 東京都 特別区 7 荒川区
82%
76 島根県 7 出雲市
79%
44 大阪府 10 吹田市
77%
50 大阪府 9 豊中市
77%
58 大阪府 8 枚方市
77%
58 山口県 8 岩国市
77%
44 東京都 10 青梅市
74%
58 秋田県 8 大仙市
74%
58 埼玉県 8 所沢市
74%
37 新潟県 11 佐渡市
72%
58 東京都 8 多摩市
72%
76 滋賀県 7 長浜市
72%
58 北海道 8 北見市
69%
58 千葉県 8 浦安市
69%
50 埼玉県 9 上尾市
67%
76 千葉県 7 流山市
67%
76 東京都 7 日野市
67%
37 東京都 11 小平市
64%
50 鹿児島県 9 薩摩川内市
64%
58 岩手県 8 一関市
64%
50 長野県 9 塩尻市
62%
58 広島県 8 三次市
62%
58 愛媛県 8 西予市
62%
58 山梨県 8 北杜市
59%
76 滋賀県 7 東近江市
59%
76 広島県 7 庄原市
59%
76 岐阜県 7 郡上市
56%
76 岡山県 7 真庭市
49%
76 埼玉県 7 鶴ヶ島市
44%
76 福岡県 7 柳川市
36%
No matching quizzes found
Score Distribution
Percent of People with Each Score
Percentile by Number Answered
Your Score History
You have not taken this quiz